000 00430nam a22001337a 4500
082 _aP-278
100 _aYasir Mehmood.
_915586
245 _aFinal semester project and investigation to premature failure of taxila-hattar haripur road.
_cAhmad Rasool, Amir Shahzad, Ghulam Sadid Ud Din.
260 _aRisalpur:
_bMCE.
_c29-11-2005
526 _a0
_b0
_c0
_dP_278
650 _aProject.
700 _aKamran
_948042
942 _2ddc
_cBK
999 _c551085
_d551085